UBT Library

The Paleo diet : (Record no. 44696)

000 -LEADER
fixed length control field 00818cam a2200253 a 4500
001 - CONTROL NUMBER
control field 16519396
005 - DATE AND TIME OF LATEST TRANSACTION
control field 20180312054718.0
008 - FIXED-LENGTH DATA ELEMENTS--GENERAL INFORMATION
fixed length control field 101026s2010 nju b 001 0 eng
010 ## - LIBRARY OF CONGRESS CONTROL NUMBER
LC control number 2010045249
020 ## - INTERNATIONAL STANDARD BOOK NUMBER
International Standard Book Number 9780470913024 (pbk.)
040 ## - CATALOGING SOURCE
Original cataloging agency DLC
Transcribing agency DLC
Modifying agency DLC
041 ## - LANGUAGE CODE
Language code of text/sound track or separate title eng
042 ## - AUTHENTICATION CODE
Authentication code pcc
080 ## - UNIVERSAL DECIMAL CLASSIFICATION NUMBER
Universal Decimal Classification number 613.2/82 LOR
082 00 - DEWEY DECIMAL CLASSIFICATION NUMBER
Classification number 613.2/82 LOR
Edition number 22
084 ## - OTHER CLASSIFICATION NUMBER
Classification number HEA006000
Source of number bisacsh
100 1# - Rafti
Rafti 4
101 ## - Shkurtesa
Shkurtesa MJE
245 14 - TITLE STATEMENT
Title The Paleo diet :
Statement of responsibility, etc Loren Cordain.
504 ## - BIBLIOGRAPHY, ETC. NOTE
Bibliography, etc Includes bibliographical references (p. 221-248) and index.
906 ## - LOCAL DATA ELEMENT F, LDF (RLIN)
a 7
b cbc
c orignew
d 1
e ecip
f 20
g y-gencatlg
942 ## - ADDED ENTRY ELEMENTS (KOHA)
Source of classification or shelving scheme
Item type Books
Holdings
Withdrawn status Lost status Source of classification or shelving scheme Damaged status Not for loan Collection code Permanent location Current location Shelving location Date acquired Total Checkouts Full call number Barcode Date last seen Price effective from Koha item type
          Koleksioni i përgjithshem UBT - Lipjan UBT - Lipjan Koleksioni i përgjithshem 03/12/2018   613.2/82 LOR 002-3001398 03/12/2018 03/12/2018 Books
UBT Library © 2015-2024. All rights reserved University Education for Business and Technology